ESSENTIALS OF HUMAN ANATOMY V-3 (Record no. 1085)
[ view plain ]
| 000 -LEADER | |
|---|---|
| fixed length control field | 00332nam a2200133Ia 4500 |
| 008 - FIXED-LENGTH DATA ELEMENTS--GENERAL INFORMATION | |
| fixed length control field | 150201s2009 xx 000 0 und d |
| 082 ## - DEWEY DECIMAL CLASSIFICATION NUMBER | |
| Classification number | 611 |
| Item number | E09D |
| 100 ## - MAIN ENTRY--PERSONAL NAME | |
| Personal name | DATTA,A.K. |
| 245 ## - TITLE STATEMENT | |
| Title | ESSENTIALS OF HUMAN ANATOMY V-3 |
| 250 ## - EDITION STATEMENT | |
| Edition statement | 4TH |
| 260 ## - PUBLICATION, DISTRIBUTION, ETC. (IMPRINT) | |
| Name of publisher, distributor, etc. | CURRENT BOOK INT. |
| Place of publication, distribution, etc. | DELHI |
| Date of publication, distribution, etc. | 2009 |
| 650 ## - SUBJECT ADDED ENTRY--TOPICAL TERM | |
| Topical term or geographic name as entry element | HUMAN ANATOMY |
| 942 ## - ADDED ENTRY ELEMENTS (KOHA) | |
| Source of classification or shelving scheme | Dewey Decimal Classification |
| Koha item type | Books |
| Koha issues (borrowed), all copies | 11 |
| Withdrawn status | Lost status | Source of classification or shelving scheme | Damaged status | Not for loan | Collection code | Home library | Current library | Shelving location | Date acquired | Source of acquisition | Cost, normal purchase price | Serial Enumeration / chronology | SGTU | Bill Number | Total Checkouts | Full call number | Barcode | Date last seen | Bill Date | Koha item type | Date last checked out |
|---|---|---|---|---|---|---|---|---|---|---|---|---|---|---|---|---|---|---|---|---|---|
| Dewey Decimal Classification | MEDICAL | SGT Medical Library | SGT Medical Library | Text Book | 27/02/2010 | U.B.S. DELHI | 250.00 | III | SGTU | 1013 | 611 E09D | FM4179 | 09/02/2015 | 27/02/2010 | Books | ||||||
| Dewey Decimal Classification | MEDICAL | SGT Medical Library | SGT Medical Library | Text Book | 27/02/2010 | U.B.S. DELHI | 250.00 | III | SGTU | 1013 | 1 | 611 E09D | FM4180 | 29/09/2022 | 27/02/2010 | Books | 20/09/2022 | ||||
| Dewey Decimal Classification | MEDICAL | SGT Medical Library | SGT Medical Library | Text Book | 27/02/2010 | U.B.S. DELHI | 250.00 | III | SGTU | 1013 | 5 | 611 E09D | FM4181 | 08/12/2022 | 27/02/2010 | Books | 17/11/2022 | ||||
| Dewey Decimal Classification | MEDICAL | SGT Medical Library | SGT Medical Library | Text Book | 27/02/2010 | U.B.S. DELHI | 250.00 | III | SGTU | 1013 | 11 | 611 E09D | FM4182 | 16/03/2026 | 27/02/2010 | Books | 10/02/2026 | ||||
| Dewey Decimal Classification | MEDICAL | SGT Medical Library | SGT Medical Library | Text Book | 27/02/2010 | U.B.S. DELHI | 250.00 | III | SGTU | 1013 | 611 E09D | FM4183 | 09/02/2015 | 27/02/2010 | Books | ||||||
| Dewey Decimal Classification | MEDICAL | SGT Medical Library | SGT Medical Library | Text Book | 27/02/2010 | U.B.S. DELHI | 250.00 | III | SGTU | 1013 | 1 | 611 E09D | FM4184 | 28/09/2018 | 27/02/2010 | Books | 15/09/2018 | ||||
| Dewey Decimal Classification | MEDICAL | SGT Medical Library | SGT Medical Library | Text Book | 27/02/2010 | U.B.S. DELHI | 250.00 | III | SGTU | 1013 | 611 E09D | FM4185 | 09/02/2015 | 27/02/2010 | Books | ||||||
| Dewey Decimal Classification | MEDICAL | SGT Medical Library | SGT Medical Library | Text Book | 27/02/2010 | U.B.S. DELHI | 250.00 | III | SGTU | 1013 | 4 | 611 E09D | FM4186 | 02/02/2024 | 27/02/2010 | Books | 15/01/2024 | ||||
| Dewey Decimal Classification | MEDICAL | SGT Medical Library | SGT Medical Library | Text Book | 27/02/2010 | U.B.S. DELHI | 250.00 | III | SGTU | 1013 | 611 E09D | FM4187 | 09/02/2015 | 27/02/2010 | Books | ||||||
| Dewey Decimal Classification | MEDICAL | SGT Medical Library | SGT Medical Library | Text Book | 27/02/2010 | U.B.S. DELHI | 250.00 | III | SGTU | 1013 | 1 | 611 E09D | FM4188 | 07/09/2019 | 27/02/2010 | Books | 02/09/2019 | ||||
| Dewey Decimal Classification | MEDICAL | SGT Medical Library | SGT Medical Library | Text Book | 27/02/2010 | U.B.S. DELHI | 250.00 | III | SGTU | 1013 | 611 E09D | FM4189 | 09/02/2015 | 27/02/2010 | Books | ||||||
| Dewey Decimal Classification | MEDICAL | SGT Medical Library | SGT Medical Library | Text Book | 27/02/2010 | U.B.S. DELHI | 250.00 | III | SGTU | 1013 | 1 | 611 E09D | FM4190 | 18/09/2018 | 27/02/2010 | Books | 31/08/2018 | ||||
| Dewey Decimal Classification | MEDICAL | SGT Medical Library | SGT Medical Library | Text Book | 27/02/2010 | U.B.S. DELHI | 250.00 | III | SGTU | 1013 | 611 E09D | FM4191 | 09/02/2015 | 27/02/2010 | Books | ||||||
| Dewey Decimal Classification | MEDICAL | SGT Medical Library | SGT Medical Library | Text Book | 27/02/2010 | U.B.S. DELHI | 250.00 | III | SGTU | 1013 | 611 E09D | FM4192 | 09/02/2015 | 27/02/2010 | Books |